| 000 | 00963cam a22003017a 4500 | ||
|---|---|---|---|
| 003 | CHAP | ||
| 005 | 20220329141347.0 | ||
| 008 | 971013s1971 r 00010 d | ||
| 010 | _a67028 | ||
| 011 | _a68000 | ||
| 035 | _a77472 | ||
| 040 | _cCHAP | ||
| 082 |
_a338.9 _bA52Y |
||
| 100 | 0 | 0 |
_aAllen, Robert Loring. _94406 |
| 245 | 0 | _aLecciones de economía regional | |
| 260 |
_aMérida , Venezuela : _bUniversidad de Los Andes. Facultad de Economía, _c1971 |
||
| 300 | _a2v. | ||
| 590 |
_aBATCH-UPD _b10 _c20130110 _lUCH01 _h0741 |
||
| 590 |
_aBATCH-UPD _b10 _c20130410 _lUCH01 _h0422 |
||
| 590 |
_aBATCH-UPD _b10 _c20130914 _lUCH01 _h0234 |
||
| 590 |
_aCONVERSION _b10 _c20130109 _lUCH01 _h1337 |
||
| 650 | 1 | 4 |
_aEconomía. _935226 |
| 650 | 1 | 4 |
_aPlaneación regional. _988700 |
| 901 | _aBK | ||
| 942 | _cLIBRO | ||
| 949 |
_a338.9 A52Y _bBC _cBPA _d33724000156279 _eBPA _fv.2 _h74341 _i77472 _mD _si |
||
| 949 |
_a338.9 A52Y _bBC _cLIBRO _d-30341 _eLIBRO _h74340 _i77472 _mD _si |
||
| 999 |
_c67028 _d67028 |
||